1190 1887 1693 1812 1507 1604 1062 1425 1094 1541 1988 1293 1973 1370 1884 1223 1340 1109 1683 1269 1977 1154 1452 1666 1979 1539 1722 1669 1263 1167 1565 1219 1499 1939 1249 1373 1080 1264 1106 1078 1137 1052 1449 1554 1760 1859 1110 1230 1406 1792 1377 1881 1692 1989 1075 1885 1685 1072 1658 1847 1346 1743 1782 1066 1142 1844 1023 1976 1869 1514 1032 1157 1336 1852 1857 1411 1402 1660 1126 1372 1585 1788 1940 1323 1729 1754 1236 1478 1141 1566 1027 1201 1130 1614 1587 1527 1202 1780 1078 BCNSPRNW ULIB Ver.6.0+V

เปลี่ยนเป็นภาษาไทย

Change to English
 แสดงรายละเอียดบรรณานุกรม
  กลับหน้าหลัก

Brief Record : Get Marc (ISO 2709) : E-mail record : QR code < ปิดหน้าต่าง
LEADER : 00000nam 2200000uu 4500
001    13399128496
003     ULIB
008    020711s2565 th a 000 0 tha d
020    ^a9789747963533
050    ^aZ675^bค872
245    ^aโครงการพัฒนาองค์ความรู้ห้องสมุดและวิชาชีพบรรณารักษ์ : บรรณารักษ์มืออาชีพ
250    ^aพิมพ์ครั้งที่ 1
260    ^aกรุงเทพฯ :^bสมาคมห้องสมุดแห่งประเทศไทยฯ,,^c2565
300    ^a360 หน้า;^c30 ซม.
650    ^aบรรณารักษ์
650    ^aห้องสมุด
945    ^p372^l0^i010258
999    ^aประนอม เกษจรัล
รายการนี้ยังไม่มีแท็ก
คุณยังไม่ได้ล็อกอิน คุณสามารถมีกิจกรรมร่วมกับเว็บไซต์ได้ แต่ต้องล็อกอินก่อน ::
  ล็อกอิน

รายการสื่อสารสนเทศ

ลำดับที่ ประเภท เลขเรียก/บาร์โค้ด สถานที่ สถานะ
1. การศึกษาทั่วไป
หนังสือสำรอง
สถานะ=หนังสือสำรอง
Z675 ค872 ฉ.1 
  Barcode: 010258
ห้องสมุดวิทยาเขตสวรรค์ประชารักษ์
►หนังสือทั่วไป
บนชั้น

รายการใกล้เคียง
    หัวเรื่อง [ห้องสมุด]

BibComment


ยังไม่เคยถูกคอมเมนท์

คอมเมนท์ทรัพยากรรายการนี้
  คอมเมนท์: โครงการพัฒนาองค์..


 Copyright 2026. Bcnsprnw @Library